Học trong tích cũ
v.v...
Đã lưu trong:
| Tác giả chính: | |
|---|---|
| Định dạng: | Sách |
| Năm xuất bản: |
Hải Phòng
Nxb Hải Phòng
1996
|
| Chủ đề: | |
| Tags: |
Thêm thẻ
Không có thẻ, Hãy là người đầu tiên gắn thẻ bản ghi này!
|
| LEADER | 01497nam a2200241 4500 | ||
|---|---|---|---|
| 082 | |a 808.8 |b D561TH | ||
| 100 | |a Dương Thu Ái | ||
| 245 | |a Học trong tích cũ |c Dương Thu Ái | ||
| 260 | |a Hải Phòng |b Nxb Hải Phòng |c 1996 | ||
| 300 | |a 263 tr. |c 19 cm | ||
| 520 | |a v.v... | ||
| 653 | |a Văn học | ||
| 653 | |a Thế giới | ||
| 653 | |a Truyện ngắn | ||
| 942 | |2 ddc |c STK0 | ||
| 999 | |c 3274 |d 3274 | ||
| 952 | |0 0 |1 0 |2 ddc |4 0 |6 808_800000000000000_D561TH |7 1 |8 800 |9 35741 |a qbu |b qbu |c D5 |d 2014-12-16 |g 20000 |o 808.8 D561TH |p 3407.c1 |r 0000-00-00 |w 2014-12-16 |y STK0 | ||
| 952 | |0 0 |1 0 |2 ddc |4 0 |6 808_800000000000000_D561TH |7 0 |8 800 |9 35742 |a qbu |b qbu |c D5 |d 2014-12-16 |g 20000 |o 808.8 D561TH |p 3407.c2 |r 0000-00-00 |w 2014-12-16 |y STK0 | ||
| 952 | |0 0 |1 0 |2 ddc |4 0 |6 808_800000000000000_D561TH |7 0 |8 800 |9 35743 |a qbu |b qbu |c D5 |d 2014-12-16 |g 20000 |o 808.8 D561TH |p 3407.c3 |r 0000-00-00 |w 2014-12-16 |y STK0 | ||
| 952 | |0 0 |1 0 |2 ddc |4 0 |6 808_800000000000000_D561TH |7 0 |8 800 |9 35744 |a qbu |b qbu |c D5 |d 2014-12-16 |g 20000 |o 808.8 D561TH |p 3407.c4 |r 0000-00-00 |w 2014-12-16 |y STK0 | ||
| 952 | |0 0 |1 0 |2 ddc |4 0 |6 808_800000000000000_D561TH |7 0 |8 800 |9 35745 |a qbu |b qbu |c D5 |d 2014-12-16 |g 20000 |o 808.8 D561TH |p 3407.c5 |r 0000-00-00 |w 2014-12-16 |y STK0 | ||
| 952 | |0 0 |1 0 |2 ddc |4 0 |6 808_800000000000000_D561TH |7 0 |8 800 |9 35746 |a qbu |b qbu |c D5 |d 2014-12-16 |g 20000 |o 808.8 D561TH |p 3407.c6 |r 0000-00-00 |w 2014-12-16 |y STK0 | ||
| 952 | |0 0 |1 0 |2 ddc |4 0 |6 808_800000000000000_D561TH |7 0 |8 800 |9 35747 |a qbu |b qbu |c D5 |d 2014-12-16 |g 20000 |o 808.8 D561TH |p 3407.c7 |r 0000-00-00 |w 2014-12-16 |y STK0 | ||